|
|
|
|
| LEADER |
00000nnm a2200000 i 4500 |
| 001 |
dolg7848 |
| 005 |
20170209155109.0 |
| 008 |
161202suuuu hu o 000 hun d |
| 040 |
|
|
|a BGE Dolgozattár Repozitórium
|b hun
|
| 041 |
|
|
|a hu
|
| 100 |
1 |
|
|a Duka Balázs
|
| 245 |
1 |
2 |
|a A borok megjelenése a DiVino Gozsdu Borbár itallapján, a pincészetek bemutatása, borok és ételek párosítása
|c Duka Balázs
|h [elektronikus dokumentum]
|
| 246 |
1 |
1 |
|a A borok megjelenése a DiVino Gozsdu Borbár itallapján, a pincészetek bemutatása, borok és ételek párosítása
|
| 516 |
|
|
|a Project_work
|
| 695 |
|
|
|a Borok és ételek párosítása
|
| 695 |
|
|
|a Ételek és borok összhangja
|
| 700 |
1 |
|
|a Lenkovics Beatrix
|e ths
|
| 856 |
4 |
0 |
|u http://dolgozattar.uni-bge.hu/7848/1/Projektmunka-%20Duka%20Bal%C3%A1zs.pdf
|z Dokumentum-elérés
|